00633nam a2200169 a 450000100100000000500170001000800410002704000250006824500710009326000550016430000280021949000300024770000270027783000370030495201050034199900170044600003670820200930075904.0120125s1962 fr 000 0 spa d aDO-SdBNPbspacBNPHU00aL'Homme & l'animal :bcent mille ans de vie commune /cPont Royal. aFrancia :bDu pont Royal del Duca- Laffont,c1962. a295 p. :bil. ;c31 cm.1 aPanoramas d'histoire ;v712aLaffont, Robert913393 0aPanoramas d'histoire ;v7963006 001050718MOaGRbGRcCTd2012-01-25iLF1l0o p36708-10r2020-06-25w2020-06-25y1ZNo se presta c36199d36199